Perspectives on Management

Gespeichert in:
Bibliographische Detailangaben
Weitere Verfasser: Donnelly, James H., Gibson, James L., Ivancevich, John M.
Format: Buch
Sprache:Englisch
Veröffentlicht: Plano Business Publ. 1987
Ausgabe:6. ed.
Schlagworte:
Tags: Tag hinzufügen
Keine Tags, Fügen Sie das erste Tag hinzu!

MARC

LEADER 00000nam a2200000 4500
001 c003951
005 20221221074720.6
020 |a 0-256-03684-5 
041 0 |a eng 
044 |a US 
245 1 0 |a Perspectives on Management  |c Edit. James H. Donnelly, James L. Gibson, John M. Ivancevich 
250 |a 6. ed. 
264 1 |a Plano  |b Business Publ.  |c 1987 
300 |a 367 s. 
610 2 0 |a manažment 
610 2 0 |a produktivita 
610 2 0 |a USA 
610 2 0 |a práca 
610 2 0 |a organizácie 
610 2 0 |a plánovanie 
610 2 0 |a obchod 
610 2 0 |a činiteľ ľudský 
610 2 0 |a správanie 
610 2 0 |a výroba 
610 2 0 |a plánovanie strategické 
610 2 0 |a automatizácia 
610 2 0 |a politika sociálna 
610 2 0 |a Východ 
610 2 0 |a Západ 
700 1 |a Donnelly, James H. 
700 1 |a Gibson, James L. 
700 1 |a Ivancevich, John M.